| 000 | 00448cam a2200169ua 4500 | ||
|---|---|---|---|
| 020 | _a0-58249506-7 | ||
| 041 |
_aeng _h |
||
| 082 |
_a664.042 _bROB/FO |
||
| 100 | _aRobinson, David.S . | ||
| 245 |
_aFood - biochemistry and nutritional value / _cS. David Robinson. _hTextual Documents |
||
| 250 |
_a1 / _b. |
||
| 260 |
_a : _bLongman Scientific and Technical , _c1987. |
||
| 300 | _a554 ; . | ||
| 504 | _a | ||
| 942 | _cBK | ||
| 999 |
_c1520 _d1520 |
||